Hvem har sidestilt i 2025 - Statistics

General Stats
  • This quiz has been taken 28 times
  • The average score is 19 of 35
Answer Stats
Hint Answer % Correct
Legenden Amerika
94%
Wonderboys Broforce
88%
Doning1 Fat Fury
82%
Parken Korsakoff
82%
Kuken Pleasuredome
82%
Pappa Treddis
82%
Macken BOTA
76%
Larven Mad Mania
76%
Toget Katastrofe
71%
Vulvaen Nesbrutality
71%
Bien Beepolar
65%
Huldra Flagship
65%
Arna Kids
65%
Raketten Airbourne
59%
Pungen Manowar
59%
Hvalen Moby Dick
59%
Klitten NWA
59%
Ærna Polstjærna
59%
Gubben G6
53%
Øgla Kilroy
53%
Biffen Tømmermenn
53%
Kidden Godmother
47%
Myggen Buzkashi
41%
Gnisten Doughboys
41%
Kari Velocity
35%
Jesus Vestfronten
35%
Kartongen Hannya
29%
Arn2 Paramount
29%
Dronningen Bayside
24%
Pitten Lockhead
24%
Sleiken Super G
24%
Jomfru1 Woodboys
24%
Balla Khagan
18%
Tidsmaskin1 Neurofunk
18%
Sleden Rulleblad
18%
No matching quizzes found
Score Distribution
Percent of People with Each Score
Percentile by Number Answered
Your Score History
You have not taken this quiz